Gaming Quiz

Random Gaming or Quick Pick Quiz

Spyro YotD: Sunrise Spring Maps Quiz Stats

 Plays Quiz not verified by Sporcle

Score 0/7 Timer 01:00
0 Plays Today
% Correct
Cloud Spires
84%
Molten Crater
73.8%
Sheila's Alp
73.4%
Sunny Villa
66.1%
Crawdad Farm
63.7%
Seashell Shore
63.2%
Mushroom Speedway
62.2%

You're not logged in!

Compare scores with friends on all Sporcle quizzes.
OR
Log In

You Might Also Like...

Show Comments

Extras

Top Quizzes Today


Score Distribution

Your Account Isn't Verified!

In order to create a playlist on Sporcle, you need to verify the email address you used during registration. Go to your Sporcle Settings to finish the process.

Report this User

Report this user for behavior that violates our Community Guidelines.

Details: